000
00340nam a2200121Ia 4500
008
151213s9999 xx 000 0 und d
245
_a
Agriculture in Liberalizing Economics : Changing Roles for Government
260
_a
Washington D. C
_b
World Bank
_c
1995
300
_a
2030 p.
650
_a
Agricultural
650
_a
Science
999
_c
1487
_d
1487